000 00340nam a2200145Ia 4500
008 100415s9999 xx 000 0 und d
082 _b3189
_a500
100 _aCRAMMER JL
245 _aScience News 9
260 _aENGLAND
_c1948
_bPENGUIN BOOKS
365 _b0
630 _aScience News 9
730 _aScience News 9
942 _cBOOK
999 _c586178
_d586175